| 000 | 00439nam a22001457a 4500 | ||
|---|---|---|---|
| 005 | 20180730103729.0 | ||
| 020 |
_a8186505806 _c495.00 |
||
| 035 | _aB-220726, B-220725 | ||
| 037 |
_aDPL _bENG |
||
| 100 | _aHaeri, Shaykh Fadhlalla | ||
| 245 |
_aThe Thoughtful Guide to Islam / _cby Shaykh Fadhlalla Haeri |
||
| 260 |
_aNew Delhi _bBhavana Books and Prints _c2006 |
||
| 300 |
_a176p. _c20 cms. |
||
| 942 |
_2ddc _cEN _h270 _mHAE |
||
| 999 |
_c64742 _d64742 |
||